header

Geometry and analysis of automorphic forms of several variables (Record no. 143390)

MARC details
000 -LEADER
fixed length control field 01913nam a2200373 a 4500
245 00 - TITLE STATEMENT
Title Geometry and analysis of automorphic forms of several variables
260 ## - PUBLICATION, DISTRIBUTION, ETC. (IMPRINT)
Place of publication Singapore ;
-- Hackensack, N.J. :
Name of publisher World Scientific,
Year of publication c2012.
300 ## - PHYSICAL DESCRIPTION
Number of Pages x, 377 p. :
Other physical details port.
490 1# - SERIES STATEMENT
Series statement Series on number theory and its application,
500 ## - GENERAL NOTE
General note "Proceedings of the International Symposium "Geometry and Analysis of Automorphic Forms of Several Variables" ... consists of selected papers by the principal speakers of the symposium"--Preface.
650 #0 - SUBJECT ADDED ENTRY--TOPICAL TERM
Topical Term Geometry
Topical Term Automorphic forms
700 1# - ADDED ENTRY--PERSONAL NAME
Personal name Oda, Takayuki.
Personal name Hamahata, Yoshinori.
856 40 - ELECTRONIC LOCATION AND ACCESS
Uniform Resource Identifier http://site.ebrary.com/lib/rucke/Doc?id=10524576

No items available.

© 2026 Rongo University
Contact us: librarian | system librarian | Rongo university